| 000 | 00844nam a22002417a 4500 | ||
|---|---|---|---|
| 003 | OSt | ||
| 005 | 20210310150557.0 | ||
| 008 | 210310s2015 ck ado|gr|||| 00| 0 spa d | ||
| 040 |
_aCO-JMCR _cCO-JMCR |
||
| 041 | 0 | _aspa | |
| 082 | 0 | 4 |
_223 _a378.362 / |
| 110 | 2 |
_aColfuturo _914677 |
|
| 245 |
_aColfuturo : _bla excelencia de un sueño / _cColfuturo |
||
| 250 | _aOctava edición | ||
| 260 |
_aBogotá : _bColciencias, _c2015 |
||
| 300 |
_a340 páginas : _bilustraciones y fotografías a color ; _c27cm. |
||
| 490 | _aPrograma crédito beca para postgrados en el exterior | ||
| 504 | _aIncluye índices. | ||
| 650 | 2 | 4 |
_aFundación para el Futuro de Colombia _914678 |
| 650 | 2 | 4 |
_aInformes _vHistoria _x Fundación para el Futuro de Colombia _914679 |
| 650 | 2 | 4 |
_aEducación superior _xFinanciación _zColombia. _914680 |
| 942 |
_2ddc _cBK |
||
| 999 |
_c7527 _d7527 |
||